| 000 | 00872nam a22002057a 4500 | ||
|---|---|---|---|
| 999 |
_c4594 _d4594 |
||
| 001 | 12517 | ||
| 003 | BD-DhUAP | ||
| 005 | 20201115122800.0 | ||
| 008 | 201115r20011994bg |||| |||| 000 0 ben d | ||
| 020 | _a9844650348 | ||
| 040 |
_aBD-DhUAP _bBen _cBD-DhUAP _dBD-DhUAP |
||
| 082 |
_223 _a915.4922 SEN |
||
| 100 | _aসেনগুপ্ত, কিরণশঙ্কর। | ||
| 245 |
_aচল্লিশের দশকের ঢাকা / _cকিরণশঙ্কর সেনগুপ্ত ও সরদার ফজলুর করিম। |
||
| 260 |
_aঢাকা : _bসাহিত্য প্রকাশ , _cc১৯৯৪ [মুদ্রণ ২০০১]। |
||
| 300 |
_a১৮৮ পৃষ্ঠা ; _c২২ সেমি.। |
||
| 651 |
_aDhaka _xTravel and description. |
||
| 700 | _aকরিম, সরদার ফজলুর। | ||
| 942 |
_2ddc _cBK |
||